Els Fets canten : 3 anys d'Ajuntaments democràtics 3 anys d'Ajuntaments democràtics
Descripción Física:
[12] p. : il. ; 25 cm
MARC
| LEADER | 00000nam a2200000Ia 4500 | ||
|---|---|---|---|
| 001 | 23049 | ||
| 008 | 160829s1982 xx 000 0 cat d | ||
| 080 | |a FU-59-16 | ||
| 245 | |a Els Fets canten : |b 3 anys d'Ajuntaments democràtics | ||
| 260 | |a Sant Sadurní d'Anoia : |b Ajuntament de Sant Sadurní d'Anoia, |c 1982 | ||
| 300 | |a [12] p. : |b il. ; |c 25 cm | ||
| 590 | |a Amb el suport de la Diputació de Barcelona. | ||
| 590 | |a Text en català i castellà. | ||
| 590 | |a Prové de S-735, exp. 122 | ||
| 610 | 0 | |a Sant Sadurní d'Anoia (Catalunya). |b Ajuntament |9 53270 | |
| 650 | |a Sant Sadurní d'Anoia |x Política i govern |x S. XX |9 47208 | ||
| 710 | |a Sant Sadurní d'Anoia (Catalunya). |b Ajuntament |9 53270 | ||
| 710 | 1 | |a Barcelona (Catalunya : Província). |b Diputació |9 52408 | |
| 901 | |a Arxiu | ||
| 942 | |n 1 | ||
| 952 | |0 0 |1 0 |4 0 |6 FU5916 |7 1 |9 53748 |a Arxiu |b Arxiu |d 2016-12-01 |l 0 |o FU-59-16 |p 23049 |r 2016-12-01 00:00:00 |w 2016-12-01 |y ARXIU | ||
| 999 | |c 57614 |d 57614 | ||